Δυσκολίες μάθησης, συμπεριληπτική εκπαίδευση
Αποθηκεύτηκε σε:
| Κύριος συγγραφέας: | |
|---|---|
| Μορφή: | Βιβλίο |
| Γλώσσα: | Greek |
| Δημοσίευση: |
[Αθήνα] :
Προπομπός,
c2018.
|
| Θέματα: | |
| Ετικέτες: |
Προσθήκη ετικέτας
Δεν υπάρχουν, Καταχωρήστε ετικέτα πρώτοι!
|
MARC
| LEADER | 00000nam a2200000 a 4500 | ||
|---|---|---|---|
| 001 | 1/125948 | ||
| 008 | 230120s2018####gr | ||| |||| ||gre|| | ||
| 020 | |a 9786185036317 | ||
| 040 | |a GR-MyUa |b gre |c GR-MyUa |e AACR2 | ||
| 041 | 0 | |a gre | |
| 082 | 7 | |a 371.9046 |2 (23) | |
| 100 | 1 | |a Ηλιοπούλου, Ευσταθία. | |
| 245 | 1 | 0 | |a Δυσκολίες μάθησης, συμπεριληπτική εκπαίδευση / |c Ευσταθία (Έφη) Ηλιοπούλου. |
| 260 | |a [Αθήνα] : |b Προπομπός, |c c2018. | ||
| 300 | |a 309 σ. ; |c 21 εκ. | ||
| 504 | |a Περιλαμβάνει βιβλιογραφικές παραπομπές. | ||
| 650 | 0 | |a Learning disabled children. | |
| 650 | 0 | |a Special education. | |
| 650 | 0 | |a Inclusive education. | |
| 650 | 0 | |a Mainstreaming in education. | |
| 650 | 0 | |a Learning disabled |x Education. | |
| 852 | |a INST |b RHODES |c EUDOXUS |e 20230120 |h 371.9046 ΗΛΙ |p 005400043327 |q 005400043327 |t EDX |y 0 | ||
| 920 | |a Εύδοξος |b Παραγγελία |y Ρόδος-ΤΕΠΑΕΣ |z 2022-12 | ||
| 970 | |z 20-01-2023 | ||